Le football français en images #1 - Statistiques

Statistiques générales
  • Ce quiz a été pris 12 563 fois
  • Le résultat moyen est 13 sur 20
Statistiques - réponses
Par images Hint Réponse % Correct
(sélectionneur) Didier Deschamps
99%
(joueur) Zinédine Zidane
99%
(club) LOSC Lille
96%
(club) AS Saint-Étienne
95%
(joueuse) Wendy Renard
89%
(année) 1993
86%
(président) Jean-Michel Aulas
76%
(compétition) Coupe de la Ligue
75%
(joueur) Thierry Henry
73%
(stade) Bollaert-Delelis
65%
(magazine) France Football
64%
(pays) Afrique du Sud
62%
(propriétaire) Bernard Tapie
60%
(entraîneur) Guy Roux
55%
(arbitre) Stéphanie Frappart
53%
(chanson) I Will Survive
41%
(club) FC Nantes
34%
(mascotte) Footix
34%
(commentateur) Thierry Roland
33%
(ville) Séville
23%
Aucun quiz correspondant
Distribution des résultats
% des personnes avec chaque résultat
Percentile par nombre de réponses
Votre historique - résultats
Vous n’avez pas pris ce quiz